Kitāb-i dard va darmān. (Record no. 50405)

MARC details
000 -LEADER
fixed length control field 00651cam a22002531 4500
001 - CONTROL NUMBER
control field ne 68001967
003 - CONTROL NUMBER IDENTIFIER
control field DLC
005 - DATE AND TIME OF LATEST TRANSACTION
control field 20260227111842.0
008 - FIXED-LENGTH DATA ELEMENTS--GENERAL INFORMATION
fixed length control field 881024q1958 xx 000 0 per
010 ## - LIBRARY OF CONGRESS CONTROL NUMBER
LC control number ne 68001967
035 ## - SYSTEM CONTROL NUMBER
System control number (OCoLC)23567303
040 ## - CATALOGING SOURCE
Original cataloging agency DLC
Transcribing agency MiU
Modifying agency DLC
042 ## - AUTHENTICATION CODE
Authentication code premarc
050 00 - LIBRARY OF CONGRESS CALL NUMBER
Classification number HN40.M6
Item number F5
100 1# - MAIN ENTRY--PERSONAL NAME
Personal name Fikrī, Alī.
240 00 - UNIFORM TITLE
Uniform title Amsād al-iytimā iyah wa-ilayuha.
Language of a work Persian.
245 10 - TITLE STATEMENT
Title Kitāb-i dard va darmān.
260 ## - PUBLICATION, DISTRIBUTION, ETC.
Date of publication, distribution, etc. [1958] 1336
300 ## - PHYSICAL DESCRIPTION
Extent 11, 483 p.
Dimensions 26 cm.
500 ## - GENERAL NOTE
General note Romanized.
650 #0 - SUBJECT ADDED ENTRY--TOPICAL TERM
Topical term or geographic name entry element Islam and social problems
650 #0 - SUBJECT ADDED ENTRY--TOPICAL TERM
Topical term or geographic name entry element Social problems
740 0# - ADDED ENTRY--UNCONTROLLED RELATED/ANALYTICAL TITLE
Uncontrolled related/analytical title Dard va darmān.

No items available.

Powered by Koha